000 00435nam a2200169Ia 4500
003 STCL
008 181203s9999 xx 000 0 und d
020 _a9780618318810
040 _aSTCL
_bEN
_cSTCL
082 _222
100 _aBaldwin, Dean
245 3 _aAn Anthology of Colonial and Postcolonial Short Fiction
260 _bWadsworth Cengage Learning
_aBelmont
_c2007
300 _a925
546 _aEnglish
942 _2ddc
_cBK
999 _c86884
_d86884